| 000 | 00445nam a2200181Ia 4500 | ||
|---|---|---|---|
| 008 | 180207s9999 xx 000 0 und d | ||
| 020 | _a9879831379489 | ||
| 050 | _bC591 2001 | ||
| 100 | _aClare, Geraldine, St. | ||
| 245 | _aOur wonderful earth / | ||
| 245 | _cby Geraldine St. Clare. | ||
| 260 | _aNew York : | ||
| 260 | _bScholastic, | ||
| 260 | _c2001 | ||
| 300 | _a16 pages : | ||
| 300 | _bcolor illustration ; | ||
| 300 | _c20cm. | ||
| 999 |
_c355519 _d355519 |
||